| 000 | 00375nam a2200097Ia 4500 | ||
|---|---|---|---|
| 082 | _a581.634 VANW | ||
| 245 | 0 | _aMedicinal plants of the world : an illustrated scientific guide to important medicinal plants and their uses | |
| 100 |
_a VAN WYK, Ben-Erik ** Pretoria, 2R4 ** 1st ed., 2nd rev. impr ** * _988117 |
||
| 942 | _cBK | ||
| 008 | 210817s9999 xx 000 0 und d | ||
| 999 |
_c356657 _d356656 |
||